000 00562nam a22001817a 4500
005 20091026121334.0
008 091026t xxu||||| |||| 00| 0 eng d
020 _a81-264-0710-7
080 _a34(03)=M
_bSAT"2004"
100 _aSathyavan Nair, V.K.
_98493
245 _aNiyama Vijnana Kosam
250 _a5th ed.
260 _aKottayam
_bD.C.Books
_c2004
_97210
300 _a656p.
653 _aLaw-encyclopaedia
942 _cREF
952 _w2009-10-26
_p00053856
_r2009-10-26
_40
_00
_bUL
_10
_o34(03)=M SAT"2004"
_d2009-10-26
_70
_2udc
_yREF
_aUL
999 _c9430
_d9429